[Event "Titled Tue 24th Jun Early"]
[Site "chess.com INT"]
[Date "2025.06.24"]
[Round "2"]
[White "Puzyrevsky, Semyon"]
[Black "Aravindhan, Achyuth"]
[Result "1-0"]
[WhiteTitle "FM"]
[BlackTitle "CM"]
[WhiteElo "2292"]
[BlackElo "2054"]
[WhiteFideId "24240931"]
[BlackFideId "1084216"]
[EventDate "2025.06.24"]

1. e4 c5 2. Nf3 d6 3. d4 cxd4 4. Nxd4 Nf6 5. Nc3 g6 6. Be3 Bg7 7. f3 O-O 8. Qd2
Nc6 9. Bc4 Bd7 10. O-O-O Rc8 11. Bb3 Ne5 12. h4 h5 13. Kb1 Qa5 14. Nd5 Qd8 15.
Nxf6+ Bxf6 16. g4 Kh7 17. gxh5 gxh5 18. Bg5 Bg7 19. Rhg1 Nc4 20. Qe2 b5 21. f4
Bg4 22. Rxg4 hxg4 23. Qxg4 Rh8 24. Nf5 Bxb2 25. Bxe7 1-0

[Event "Titled Tue 24th Jun Early"]
[Site "chess.com INT"]
[Date "2025.06.24"]
[Round "2"]
[White "Sayce, Hannah"]
[Black "Bakalchuk, Johnatan"]
[Result "0-1"]
[WhiteTitle "WCM"]
[BlackTitle "IM"]
[WhiteElo "1877"]
[BlackElo "2438"]
[WhiteFideId "3250695"]
[BlackFideId "2810301"]
[EventDate "2025.06.24"]

1. e4 c5 2. Nf3 g6 3. d4 cxd4 4. Nxd4 Bg7 5. c4 Nc6 6. Be3 Qb6 7. Nb3 Qd8 8. Nc3
d6 9. Be2 Bxc3+ 10. bxc3 Nf6 11. f3 b6 12. O-O O-O 13. Bh6 Re8 14. Qd2 Ba6 15.
Rad1 Rc8 16. c5 Bxe2 17. Qxe2 bxc5 18. Nxc5 Qb6 19. Be3 dxc5 20. Rb1 Qa5 21. Rb5
Qxc3 22. Rxc5 Nd4 23. Qf2 Qxc5 24. Bxd4 Qc2 25. Qh4 Qd2 26. Be5 Rc1 27. h3 Qe3+ 0-1

[Event "Titled Tue 24th Jun Early"]
[Site "chess.com INT"]
[Date "2025.06.24"]
[Round "2"]
[White "Liu, Xiangyi"]
[Black "Auribault, Louis"]
[Result "1-0"]
[WhiteTitle "IM"]
[BlackTitle "FM"]
[WhiteElo "2370"]
[BlackElo "2096"]
[WhiteFideId "8605718"]
[BlackFideId "45196591"]
[EventDate "2025.06.24"]

1. Nf3 d5 2. g3 Nf6 3. Bg2 b6 4. O-O Bb7 5. d4 e6 6. Ne5 Nbd7 7. Nd3 c5 8. c3
Ne4 9. f3 Nd6 10. Bf4 Be7 11. Nd2 g5 12. Bxd6 Bxd6 13. e4 Ba6 14. Qe2 Qe7 15.
Rfe1 cxd4 16. cxd4 Rc8 17. exd5 Rc2 18. dxe6 fxe6 19. Qxe6 Kd8 20. Qb3 Qg7 21.
Qxc2 Qxd4+ 22. Nf2 Bc5 23. Ne4 1-0

[Event "Titled Tue 24th Jun Early"]
[Site "chess.com INT"]
[Date "2025.06.24"]
[Round "2"]
[White "Melaugh, Shane"]
[Black "Waldhausen Gordon, Frederick"]
[Result "0-1"]
[WhiteTitle "CM"]
[BlackTitle "FM"]
[WhiteElo "2180"]
[BlackElo "2395"]
[WhiteFideId "2509580"]
[BlackFideId "2409143"]
[EventDate "2025.06.24"]

1. e4 e5 2. Nf3 Nc6 3. d4 exd4 4. Bc4 Nf6 5. Ng5 Ne5 6. Qxd4 Nxc4 7. Qxc4 d5 8.
exd5 Qxd5 9. Qe2+ Be7 10. O-O h6 11. Re1 O-O 12. Qxe7 hxg5 13. Qxc7 Bd7 14. Nc3
Qf5 15. Qe5 Rfe8 16. Bf4 Rxe5 17. Bxe5 Ng4 18. Bg3 Bc6 19. h3 Nf6 20. Re5 Qxc2
21. Rae1 Qxb2 22. Nd1 Qd2 23. R5e2 Qd5 24. Ne3 Qe4 25. f3 Qd4 26. Bf2 Qf4 27.
Nf1 Re8 28. Bxa7 Rxe2 29. Rxe2 Bb5 30. Re1 Qa4 31. Be3 Qxa2 32. Bxg5 Bxf1 33.
Kxf1 b5 34. Bxf6 gxf6 35. Re4 Qb1+ 36. Kf2 b4 37. Rg4+ Kf8 38. h4 b3 39. h5 b2
40. Rb4 Qc1 41. h6 Qd2+ 42. Kg3 Qxb4 43. h7 Kg7 0-1

[Event "Titled Tue 24th Jun Early"]
[Site "chess.com INT"]
[Date "2025.06.24"]
[Round "2"]
[White "Amarasinghe, A A C B"]
[Black "Klepek, Witold"]
[Result "0-1"]
[WhiteTitle "CM"]
[BlackTitle "CM"]
[WhiteElo "1922"]
[BlackElo "2253"]
[WhiteFideId "9901809"]
[BlackFideId "1175068"]
[EventDate "2025.06.24"]

1. e4 c5 2. Nf3 e6 3. d4 cxd4 4. Nxd4 Nf6 5. Nc3 Nc6 6. Nxc6 bxc6 7. e5 Nd5 8.
Ne4 Qa5+ 9. Bd2 Qb6 10. c4 Qxb2 11. cxd5 Qxe5 12. Qb1 Rb8 13. Qxb8 Qxb8 14. dxc6
dxc6 15. Bd3 Bb4 16. Bxb4 Qxb4+ 17. Ke2 Ba6 18. f3 Bxd3+ 19. Kxd3 O-O 20. Rhb1
Rd8+ 21. Ke2 Qc4+ 22. Kf2 f5 23. Ng3 Rd2+ 24. Kg1 Qd4+ 25. Kh1 Qf2 26. Rb8+ Kf7
27. Rb7+ Kg6 28. Rg1 Rxa2 29. Re7 Kf6 30. Rb7 g6 0-1

[Event "Titled Tue 24th Jun Early"]
[Site "chess.com INT"]
[Date "2025.06.24"]
[Round "2"]
[White "Liashkevich, Lizaveta"]
[Black "Pranesh, M"]
[Result "0-1"]
[WhiteTitle "WFM"]
[BlackTitle "GM"]
[WhiteElo "2204"]
[BlackElo "2580"]
[WhiteFideId "13518658"]
[BlackFideId "35028600"]
[EventDate "2025.06.24"]

1. d4 Nf6 2. Nf3 b6 3. c4 Bb7 4. Nc3 g6 5. d5 Bg7 6. e4 O-O 7. Bd3 e6 8. O-O d6
9. h3 Re8 10. Re1 Nbd7 11. Be3 a5 12. Nd4 Nc5 13. Bc2 exd5 14. exd5 Nfd7 15. Qd2
Ne5 16. b3 a4 17. Rad1 axb3 18. axb3 Qh4 19. Bg5 Qh5 20. Nce2 h6 21. Be3 Ra2 22.
Ra1 Rea8 23. Rxa2 Rxa2 24. Qd1 Qh4 25. Nc3 Ra8 26. Kh2 Bc8 27. Ncb5 Ng4+ 28. Kg1
Nxe3 29. Rxe3 Bd7 30. Nc3 Bxd4 31. g3 Qf6 32. Rf3 Qe5 33. Ne2 Ra1 0-1

[Event "Titled Tue 24th Jun Early"]
[Site "chess.com INT"]
[Date "2025.06.24"]
[Round "2"]
[White "Caku, Kler"]
[Black "Radchenko, Alexey"]
[Result "0-1"]
[WhiteTitle "WFM"]
[BlackTitle "FM"]
[WhiteElo "2010"]
[BlackElo "2290"]
[WhiteFideId "4704703"]
[BlackFideId "4192362"]
[EventDate "2025.06.24"]

1. e4 e5 2. Nf3 Nc6 3. Nc3 Nf6 4. Bb5 d6 5. d4 exd4 6. Nxd4 Bd7 7. Nxc6 bxc6 8.
Bd3 Be7 9. O-O O-O 10. f4 d5 11. e5 Ng4 12. h3 Bc5+ 13. Kh1 Nf2+ 14. Rxf2 Bxf2
15. f5 Qh4 16. Qf3 Rae8 17. Bf4 g6 18. f6 Bd4 19. Bg3 Qh6 20. Re1 Bxh3 21. Bf4
Qh4 22. gxh3 Qxe1+ 23. Kg2 Qg1# 0-1

[Event "Titled Tue 24th Jun Early"]
[Site "chess.com INT"]
[Date "2025.06.24"]
[Round "2"]
[White "Nugumanov, Bakhtiyar"]
[Black "Dehtiarov, Roman"]
[Result "0-1"]
[WhiteTitle "IM"]
[BlackTitle "FM"]
[WhiteElo "2305"]
[BlackElo "2416"]
[WhiteFideId "13701797"]
[BlackFideId "14186640"]
[EventDate "2025.06.24"]

1. e4 e5 2. Nf3 Nc6 3. Bb5 a6 4. Ba4 Nf6 5. O-O Be7 6. Bxc6 dxc6 7. Re1 Nd7 8.
d4 exd4 9. Qxd4 O-O 10. Bf4 Bc5 11. Qc3 Qe7 12. a3 Bb6 13. Nbd2 Nc5 14. Nc4 Ba7
15. Ncd2 Be6 16. b4 Na4 17. Qe5 Rac8 18. c4 f6 19. Qh5 Nb2 20. e5 Nd3 21. exf6
Qxf6 22. Ng5 Bf5 23. Nde4 Bxe4 24. Rxe4 Qxa1+ 0-1

[Event "Titled Tue 24th Jun Early"]
[Site "chess.com INT"]
[Date "2025.06.24"]
[Round "2"]
[White "Lam, Paul G M"]
[Black "Tang, Dylan"]
[Result "0-1"]
[BlackTitle "FM"]
[WhiteElo "2110"]
[BlackElo "2236"]
[WhiteFideId "411566"]
[BlackFideId "30972531"]
[EventDate "2025.06.24"]

1. d4 Nf6 2. Bf4 d5 3. Nc3 c5 4. e3 cxd4 5. exd4 a6 6. Nf3 Nc6 7. Be2 Bg4 8. O-O
e6 9. Ne5 Bxe2 10. Nxe2 Bd6 11. Nxc6 bxc6 12. Qd3 O-O 13. Rfe1 c5 14. c3 Bxf4
15. Nxf4 Qb8 16. Re5 cxd4 17. Qxd4 Qxb2 18. Rae1 Rac8 19. Rg5 Qxc3 20. Rxg7+
Kxg7 21. Nh5+ Kh8 0-1

[Event "Titled Tue 24th Jun Early"]
[Site "chess.com INT"]
[Date "2025.06.24"]
[Round "2"]
[White "Arakelyan, Manvel"]
[Black "Caruana, Fabiano"]
[Result "0-1"]
[WhiteTitle "FM"]
[BlackTitle "GM"]
[WhiteElo "2326"]
[BlackElo "2777"]
[WhiteFideId "13317415"]
[BlackFideId "2020009"]
[EventDate "2025.06.24"]

1. e4 c5 2. Nf3 e6 3. c3 Nf6 4. e5 Nd5 5. a3 b6 6. d4 cxd4 7. Nxd4 Bb7 8. c4 Ne7
9. Nc3 Ng6 10. Qh5 Nc6 11. Nxc6 Bxc6 12. Bd3 Be7 13. O-O O-O 14. Rd1 Rc8 15. b3
f5 16. exf6 Bxf6 17. Bd2 Bd4 18. Rf1 Qf6 19. Rac1 Bxf2+ 20. Kh1 Qd4 21. Bxg6
hxg6 22. Rcd1 0-1

[Event "Titled Tue 24th Jun Early"]
[Site "chess.com INT"]
[Date "2025.06.24"]
[Round "2"]
[White "Tan, Zhongyi"]
[Black "Sarkar, Justin"]
[Result "1-0"]
[WhiteTitle "GM"]
[BlackTitle "IM"]
[WhiteElo "2546"]
[BlackElo "2284"]
[WhiteFideId "8603642"]
[BlackFideId "2010011"]
[EventDate "2025.06.24"]

1. e4 e5 2. Nf3 Nc6 3. Bb5 a6 4. Ba4 Nf6 5. O-O Nxe4 6. d4 b5 7. Bb3 d5 8. dxe5
Be6 9. Qe2 Nc5 10. Rd1 Nxb3 11. axb3 Be7 12. c4 bxc4 13. bxc4 O-O 14. Nc3 Nb4
15. Nd4 c5 16. Nxe6 fxe6 17. Qg4 Qc8 18. Bh6 Rf7 19. cxd5 Nxd5 20. Nxd5 exd5 21.
e6 Kh8 22. h3 gxh6 23. exf7 Qxg4 24. hxg4 1-0

[Event "Titled Tue 24th Jun Early"]
[Site "chess.com INT"]
[Date "2025.06.24"]
[Round "2"]
[White "Reprintsev, Alexander"]
[Black "Sericano, Claudio"]
[Result "0-1"]
[WhiteTitle "IM"]
[BlackTitle "FM"]
[WhiteElo "2256"]
[BlackElo "2260"]
[WhiteFideId "14100541"]
[BlackFideId "800473"]
[EventDate "2025.06.24"]

1. e4 e5 2. f4 exf4 3. Bc4 Nf6 4. Nc3 Bb4 5. Nge2 O-O 6. O-O Bxc3 7. Nxc3 Nxe4
8. Nxe4 d5 9. Bd3 dxe4 10. Be2 Qd6 11. d3 e3 12. Bf3 Nc6 13. c3 Ne5 14. d4 Ng6
15. a4 Bf5 16. b3 Rfe8 17. Ba3 Qe6 18. Qe2 c6 19. c4 Be4 20. Rfd1 Bxf3 21. Qxf3
Qe4 22. d5 Qxf3 23. gxf3 Nh4 24. dxc6 bxc6 25. Rf1 e2 26. Rfe1 Nxf3+ 27. Kf2
Nxe1 28. Rxe1 a5 29. Bd6 Re6 30. Bxf4 Rae8 31. Bd2 Re5 32. h4 f6 33. Bc3 Rf5+
34. Kg2 Re3 35. Bd2 Re4 0-1

[Event "Titled Tue 24th Jun Early"]
[Site "chess.com INT"]
[Date "2025.06.24"]
[Round "2"]
[White "Durarbayli, Vasif"]
[Black "Ughuzov, Ravan"]
[Result "1-0"]
[WhiteTitle "GM"]
[BlackTitle "FM"]
[WhiteElo "2612"]
[BlackElo "2295"]
[WhiteFideId "13402935"]
[BlackFideId "13419315"]
[EventDate "2025.06.24"]

1. e4 c6 2. d4 d5 3. exd5 cxd5 4. c4 Nf6 5. Nc3 Nc6 6. Nf3 a6 7. h3 g6 8. c5 Bg7
9. Bd3 O-O 10. O-O Ne4 11. Bb1 Nxc3 12. bxc3 e5 13. dxe5 Nxe5 14. Bf4 Nxf3+ 15.
Qxf3 d4 16. Rd1 dxc3 17. Rxd8 Rxd8 18. Bc2 Be6 19. Qxb7 Bd5 20. Qb6 Re8 21. Rd1
Bxa2 22. c6 1-0

[Event "Titled Tue 24th Jun Early"]
[Site "chess.com INT"]
[Date "2025.06.24"]
[Round "2"]
[White "Annaberdiyev, Babageldi"]
[Black "Miranda Camus, Joaquin Ignacio"]
[Result "1-0"]
[WhiteTitle "FM"]
[BlackTitle "FM"]
[WhiteElo "2208"]
[BlackElo "2196"]
[WhiteFideId "14000385"]
[BlackFideId "3449300"]
[EventDate "2025.06.24"]

1. e4 c6 2. d4 d5 3. Nd2 dxe4 4. Nxe4 Bf5 5. Ng3 Bg6 6. h4 h6 7. Nf3 Nd7 8. h5
Bh7 9. Bc4 e6 10. Qe2 Ngf6 11. Ne5 Nxe5 12. dxe5 Nd5 13. O-O Be7 14. Qg4 Rg8 15.
c3 Qc7 16. Bxd5 cxd5 17. Qa4+ Qc6 18. Qg4 O-O-O 19. Be3 Kb8 20. a4 g6 21. a5
gxh5 22. Qd4 h4 23. Qxa7+ Kc8 24. a6 hxg3 25. fxg3 Rxg3 26. axb7+ Qxb7 27. Qxb7+
Kxb7 28. Rxf7 Rd7 29. Bf2 Bg6 30. Rxe7 Rxg2+ 31. Kxg2 Rxe7 32. Ra7+ 1-0

[Event "Titled Tue 24th Jun Early"]
[Site "chess.com INT"]
[Date "2025.06.24"]
[Round "2"]
[White "Le, Tuan Minh"]
[Black "Gavarrete, Nahun"]
[Result "1-0"]
[WhiteTitle "GM"]
[BlackTitle "FM"]
[WhiteElo "2598"]
[BlackElo "2281"]
[WhiteFideId "12401153"]
[BlackFideId "8400709"]
[EventDate "2025.06.24"]

1. d4 d5 2. Nf3 Nf6 3. Bf4 e6 4. e3 c5 5. c3 Nc6 6. Nbd2 a6 7. Bd3 Bd6 8. O-O
O-O 9. dxc5 Bxc5 10. Qe2 Bd6 11. Bg5 e5 12. e4 dxe4 13. Nxe4 Be7 14. Rad1 Bd7
15. Bxf6 Bxf6 16. Nc5 Kh8 17. Be4 Nb8 18. Nxd7 Nxd7 19. Bf5 Nc5 20. Rxd8 Raxd8
21. Rd1 Rde8 22. b4 Na4 23. Qc2 Nb6 24. Bxh7 g6 25. Bxg6 fxg6 26. Qxg6 Re7 27.
Rd6 Nd7 28. Ng5 Rg7 29. Qh6+ Kg8 30. Ne6 Rff7 31. Nxg7 Bxg7 32. Qe6 Nf8 33. Qd5
Bf6 34. Rxf6 Nh7 35. Qxf7+ Kh8 36. Rg6 Ng5 37. Qg7# 1-0

[Event "Titled Tue 24th Jun Early"]
[Site "chess.com INT"]
[Date "2025.06.24"]
[Round "2"]
[White "Mostertman, Milan"]
[Black "Sturt, Raven"]
[Result "0-1"]
[WhiteTitle "FM"]
[BlackTitle "GM"]
[WhiteElo "2231"]
[BlackElo "2459"]
[WhiteFideId "1025848"]
[BlackFideId "2007304"]
[EventDate "2025.06.24"]

1. c4 f5 2. d4 Nf6 3. Nf3 g6 4. g3 Bg7 5. Bg2 O-O 6. O-O d6 7. Nc3 Qe8 8. Bg5 c6
9. Bxf6 Bxf6 10. e4 e5 11. dxe5 dxe5 12. Qb3 Na6 13. Rfe1 Nc5 14. Qc2 a5 15.
Rad1 f4 16. Nd2 a4 17. b4 Ne6 18. c5 Nd4 19. Qd3 Bg4 20. f3 Be6 21. Nc4 g5 22.
Nd6 Qg6 23. g4 b5 24. cxb6 Rad8 25. Nb7 Rb8 26. Nc5 Bf7 27. N3xa4 Rfd8 28. b7 h5
29. h3 hxg4 30. hxg4 Kg7 31. Qa6 Qh6 32. Qxc6 Nxc6 0-1

[Event "Titled Tue 24th Jun Early"]
[Site "chess.com INT"]
[Date "2025.06.24"]
[Round "2"]
[White "Pranav, V"]
[Black "Salonen, Aku"]
[Result "1-0"]
[WhiteTitle "GM"]
[BlackTitle "FM"]
[WhiteElo "2595"]
[BlackElo "2330"]
[WhiteFideId "25060783"]
[BlackFideId "517577"]
[EventDate "2025.06.24"]

1. e4 c6 2. d4 d5 3. e5 c5 4. Nf3 cxd4 5. Qxd4 Nc6 6. Qf4 e6 7. Bd3 Nb4 8. O-O
Nxd3 9. cxd3 Ne7 10. Nc3 Bd7 11. h4 Ng6 12. Qg3 h5 13. Bg5 Be7 14. Bxe7 Qxe7 15.
Ne2 Bb5 16. Rfd1 O-O-O 17. a4 Bc6 18. Nf4 Rh6 19. Nd4 Qxh4 20. Qxh4 Nxh4 21.
Rdc1 Kd7 22. b4 g5 23. Nfe2 Ke7 24. Nxc6+ bxc6 25. Nd4 Kd7 26. Rxc6 Nf5 27. Nxf5
Kxc6 28. Nxh6 Rf8 29. f4 gxf4 30. Rf1 d4 31. Rxf4 Kd5 32. Rxf7 Rh8 33. Rd7+ Kc6
34. Rd6+ 1-0

[Event "Titled Tue 24th Jun Early"]
[Site "chess.com INT"]
[Date "2025.06.24"]
[Round "2"]
[White "Andersen, Alec"]
[Black "Khoo-Thwe, Louis"]
[Result "0-1"]
[BlackTitle "CM"]
[WhiteElo "2019"]
[BlackElo "2214"]
[WhiteFideId "2096978"]
[BlackFideId "1538756"]
[EventDate "2025.06.24"]

1. d4 d5 2. c4 dxc4 3. e4 Nf6 4. e5 Nd5 5. Bxc4 Nb6 6. Bd3 Nc6 7. Be3 Nb4 8. Be4
f5 9. exf6 exf6 10. Qh5+ g6 11. Bxg6+ hxg6 12. Qxh8 Nc2+ 13. Kd1 Nxa1 14. Bh6
Qxd4+ 15. Nd2 Bg4+ 16. f3 O-O-O 17. fxg4 Bb4 18. Nf3 Qxb2 19. Qg7 Bxd2 20. Bxd2
Nc4 21. Qh6 Qb1+ 22. Ke2 Qxh1 0-1

[Event "Titled Tue 24th Jun Early"]
[Site "chess.com INT"]
[Date "2025.06.24"]
[Round "2"]
[White "Shimanov, Aleksandr"]
[Black "Ivanov, Andrey A."]
[Result "1-0"]
[WhiteTitle "GM"]
[BlackTitle "CM"]
[WhiteElo "2578"]
[BlackElo "2120"]
[WhiteFideId "4198603"]
[BlackFideId "2514311"]
[EventDate "2025.06.24"]

1. e4 c5 2. Nf3 g6 3. d4 cxd4 4. Qxd4 Nf6 5. Nc3 Nc6 6. Qd3 d6 7. Be2 Bg7 8. O-O
O-O 9. Nd5 Nxd5 10. exd5 Bf5 11. Qd1 Ne5 12. Nxe5 Bxe5 13. c3 Rc8 14. Be3 a6 15.
a4 Qa5 16. Qb3 Qc7 17. a5 h5 18. Rfe1 Qd7 19. Rad1 h4 20. Qb4 h3 21. g3 Kg7 22.
Bd4 Bf6 23. Bf3 Rc7 24. Rd2 Rfc8 25. b3 Re8 26. g4 Bxd4 27. Qxd4+ f6 28. gxf5
gxf5 29. Kh1 Kf7 30. Bh5+ 1-0

[Event "Titled Tue 24th Jun Early"]
[Site "chess.com INT"]
[Date "2025.06.24"]
[Round "2"]
[White "Wael Sabry, Mina"]
[Black "Smietanska, Wiktoria"]
[Result "1-0"]
[WhiteTitle "FM"]
[BlackTitle "CM"]
[WhiteElo "2107"]
[BlackElo "2238"]
[WhiteFideId "10670173"]
[BlackFideId "21869359"]
[EventDate "2025.06.24"]

1. Nf3 d5 2. d4 Nf6 3. c4 e6 4. g3 Bb4+ 5. Bd2 Be7 6. Bg2 O-O 7. O-O c6 8. Qc2
b6 9. Bf4 Bb7 10. Nbd2 Nbd7 11. e4 dxe4 12. Nxe4 c5 13. Nxf6+ Bxf6 14. dxc5 Nxc5
15. Rad1 Qc8 16. Bd6 Rd8 17. b4 Ne4 18. Be5 a5 19. a3 axb4 20. axb4 Bc6 21. Bxf6
Nxf6 22. Rxd8+ Qxd8 23. c5 Nd5 24. Rb1 Ba4 25. Qc1 Rc8 26. Qa3 Qe8 27. Nd4 Bb5
28. cxb6 Nxb6 29. Nxb5 Qxb5 30. Bf1 Nc4 31. Rc1 Qd5 32. Qa6 1-0

[Event "Titled Tue 24th Jun Early"]
[Site "chess.com INT"]
[Date "2025.06.24"]
[Round "2"]
[White "Rojas Alarcon, Julian Antonio"]
[Black "Otsuka, Shou"]
[Result "1-0"]
[WhiteTitle "FM"]
[BlackTitle "FM"]
[WhiteElo "2365"]
[BlackElo "2362"]
[WhiteFideId "5107407"]
[BlackFideId "7004702"]
[EventDate "2025.06.24"]

1. e4 d6 2. d4 Nf6 3. Nc3 e5 4. Nf3 Nbd7 5. Bc4 Be7 6. O-O O-O 7. Re1 c6 8. a4
exd4 9. Nxd4 Ne5 10. Bf1 Re8 11. h3 Ng6 12. Bc4 Bf8 13. Bb3 h6 14. Bd2 c5 15.
Nf3 Bd7 16. Qe2 Bc6 17. Qc4 Qc7 18. Rad1 a6 19. Nd5 Bxd5 20. exd5 Nd7 21. Bc3 b6
22. Qg4 Kh7 23. Bc4 Qb7 24. h4 b5 25. axb5 axb5 26. Bd3 1-0

[Event "Titled Tue 24th Jun Early"]
[Site "chess.com INT"]
[Date "2025.06.24"]
[Round "2"]
[White "Lloret Ramis, Juan Jose"]
[Black "Yang, Larry"]
[Result "0-1"]
[WhiteTitle "FM"]
[WhiteElo "2019"]
[BlackElo "2017"]
[WhiteFideId "2204053"]
[BlackFideId "2637618"]
[EventDate "2025.06.24"]

1. c4 e5 2. Nc3 Nf6 3. Nf3 Nc6 4. e3 d5 5. cxd5 Nxd5 6. Bb5 Nxc3 7. bxc3 Bd6 8.
d4 exd4 9. cxd4 O-O 10. O-O Ne7 11. e4 c6 12. Bd3 Ng6 13. Bg5 Qa5 14. e5 Bc7 15.
h4 Bg4 16. Qc2 Bxf3 17. gxf3 h6 18. Bxh6 Nxh4 19. Be3 Qd5 20. Be4 Qe6 21. Bg5
Qh3 22. Bxh4 Qxh4 23. Kg2 Qg5+ 24. Kh2 g6 25. Rh1 Kg7 26. Rag1 Rh8# 0-1

[Event "Titled Tue 24th Jun Early"]
[Site "chess.com INT"]
[Date "2025.06.24"]
[Round "2"]
[White "Kezin, Roman"]
[Black "Garrido, Denis"]
[Result "1-0"]
[WhiteTitle "IM"]
[BlackTitle "FM"]
[WhiteElo "2471"]
[BlackElo "2230"]
[WhiteFideId "24124621"]
[BlackFideId "601217"]
[EventDate "2025.06.24"]

1. d4 g6 2. c4 Bg7 3. Nc3 d6 4. Nf3 Nf6 5. Bg5 h6 6. Bh4 c5 7. d5 g5 8. Bg3 Nh5
9. Nd2 O-O 10. e3 Nxg3 11. hxg3 Na6 12. Bd3 Nc7 13. f4 e6 14. Qc2 Rb8 15. dxe6
fxe6 16. O-O-O a6 17. Nde4 b5 18. Nxd6 Bd7 19. Bh7+ Kh8 20. Bg6 bxc4 21. Nxc4
Nd5 22. Nxd5 exd5 23. Rxd5 Qe7 24. Rxg5 Be6 25. Rgh5 1-0

[Event "Titled Tue 24th Jun Early"]
[Site "chess.com INT"]
[Date "2025.06.24"]
[Round "2"]
[White "Bagdasarov, Vitalij A."]
[Black "Mika, Tomasz"]
[Result "0-1"]
[WhiteTitle "FM"]
[BlackTitle "CM"]
[WhiteElo "2136"]
[BlackElo "2227"]
[WhiteFideId "4129814"]
[BlackFideId "1132970"]
[EventDate "2025.06.24"]

1. e4 e5 2. Nf3 Nc6 3. Bb5 a6 4. Ba4 Nf6 5. d3 b5 6. Bb3 Bc5 7. O-O h6 8. a4 Bb7
9. Nc3 b4 10. Nd5 O-O 11. a5 d6 12. c3 Rb8 13. Bc4 bxc3 14. bxc3 Nxd5 15. Bxd5
Ne7 16. Bxb7 Rxb7 17. d4 exd4 18. cxd4 Ba7 19. Qd3 Rb5 20. Bd2 c5 21. Rfb1 Qd7
22. dxc5 Bxc5 23. Rxb5 Qxb5 24. Qxb5 axb5 25. a6 Ra8 26. Kf1 Nc6 27. Ke2 Kf8 28.
g4 Ke8 29. h4 Kd7 30. Bf4 Nb4 31. e5 Rxa6 32. Rd1 Ra2+ 33. Rd2 Rxd2+ 34. Bxd2
Nc6 35. Bc3 dxe5 36. Nxe5+ Nxe5 37. Bxe5 g6 38. f4 h5 39. f5 hxg4 40. fxg6 fxg6
41. Bg3 Bd6 42. Be1 b4 43. Kd3 g3 44. Kc4 Ke6 45. Bxg3 Bxg3 46. Kxb4 Bxh4 47.
Kc4 Kf5 48. Kd3 Kf4 49. Ke2 0-1

[Event "Titled Tue 24th Jun Early"]
[Site "chess.com INT"]
[Date "2025.06.24"]
[Round "2"]
[White "Norman, Kseniya"]
[Black "Linares Orellana, Hector Jose"]
[Result "0-1"]
[WhiteTitle "WFM"]
[BlackTitle "FM"]
[WhiteElo "2069"]
[BlackElo "2111"]
[WhiteFideId "13518780"]
[BlackFideId "7304307"]
[EventDate "2025.06.24"]

1. Nf3 d5 2. e3 Nf6 3. c4 e6 4. b3 Be7 5. Bb2 O-O 6. Nc3 c5 7. Qc2 Nc6 8. h4 d4
9. exd4 cxd4 10. Ne4 d3 11. Qxd3 Nb4 12. Qxd8 Rxd8 13. Nxf6+ Bxf6 14. Bxf6 gxf6
15. Kd1 e5 16. a3 Nd3 17. Bxd3 Rxd3 18. Kc2 Bf5 19. Kb2 e4 20. Nh2 Rxd2+ 21. Kc3
Rxf2 22. g4 Be6 23. Rae1 f5 24. gxf5 Bxf5 25. Rhg1+ Kf8 26. Ng4 Rf3+ 27. Kb4 a5+
28. Kc5 Rxb3 29. Nh6 Rc8+ 30. Kd4 Rd3+ 31. Ke5 Rc5+ 32. Kf6 Rd6+ 33. Kg5 Rg6+
34. Kf4 Rxh6 35. Rg5 Rxh4+ 36. Kg3 Rh6 37. Rf1 Rg6 0-1

[Event "Titled Tue 24th Jun Early"]
[Site "chess.com INT"]
[Date "2025.06.24"]
[Round "2"]
[White "Suarez, Pedro"]
[Black "Agarwal, Amaya"]
[Result "1-0"]
[WhiteTitle "CM"]
[BlackTitle "WCM"]
[WhiteElo "2066"]
[BlackElo "2004"]
[WhiteFideId "3007642"]
[BlackFideId "48733580"]
[EventDate "2025.06.24"]

1. d4 d5 2. c4 e6 3. Nc3 Be7 4. cxd5 exd5 5. Nf3 Nf6 6. Bg5 c6 7. e3 Bf5 8. Bd3
Bxd3 9. Qxd3 Nbd7 10. O-O O-O 11. Rab1 h6 12. Bf4 Nh5 13. Be5 Nxe5 14. Nxe5 Nf6
15. b4 a6 16. a4 Bd6 17. f4 Qe7 18. b5 axb5 19. axb5 cxb5 20. Rxb5 Bxe5 21. fxe5
Nd7 22. Nxd5 Qe6 23. Nc7 Qc6 24. Nxa8 Rxa8 25. Qb3 b6 26. Qxf7+ Kh8 27. Rb2 Qc3
28. Re2 Qd3 29. Qf3 Rf8 30. Qg4 Rxf1+ 31. Kxf1 Qd1+ 32. Kf2 Qb3 33. Qxd7 Kh7 34.
e6 Qc4 35. e7 Qf7+ 36. Kg1 g6 37. e8=Q Qxd7 38. Qxd7+ Kg8 39. Rc2 Kh8 40. Rc8# 1-0

[Event "Titled Tue 24th Jun Early"]
[Site "chess.com INT"]
[Date "2025.06.24"]
[Round "2"]
[White "Nguyen, Ngoc Truong Son"]
[Black "Al-Tarboush, Ward"]
[Result "1-0"]
[WhiteTitle "GM"]
[BlackTitle "FM"]
[WhiteElo "2600"]
[BlackElo "2223"]
[WhiteFideId "12401110"]
[BlackFideId "7601450"]
[EventDate "2025.06.24"]

1. e4 e6 2. d4 d5 3. e5 c5 4. c3 Nc6 5. Nf3 Qb6 6. Na3 cxd4 7. cxd4 Bxa3 8. bxa3
Qa5+ 9. Qd2 Qxd2+ 10. Bxd2 Nge7 11. Bd3 Nf5 12. Bc3 Bd7 13. Kd2 O-O 14. Rab1
Rab8 15. Rhc1 Rfc8 16. g4 Nfe7 17. h4 Ng6 18. h5 Nge7 19. h6 g6 20. Ng5 b6 21.
f4 Nd8 22. Ba6 Nb7 23. Bb4 Nc6 24. Ke3 Nxb4 25. axb4 Rxc1 26. Rxc1 Rc8 27. Rxc8+
Bxc8 28. a4 f5 29. exf6 Nd6 30. Bxc8 Nxc8 31. Nxe6 Nd6 32. Nc7 Nc4+ 33. Ke2 a5
34. bxa5 bxa5 35. Nxd5 Nb2 36. Nb6 Kf7 37. g5 Ke6 38. Kd2 Kf5 39. f7 Ke4 40.
f8=Q Kf3 41. Qa3+ 1-0